Logo BPK

Biblioteka

Politechniki Koszalińskiej

Kodeks celny : (Rekord nr 36133)

Szczegóły MARC
000 -ETYKIETA REKORDU
podpole kontrolne o stałej długości 00848nam a2200253 i 4500
001 - NUMER KONTROLNY REKORDU
pole kontrolne bg
020 ## - MIĘDZYNARODOWY ZNORMALIZOWANY NUMER KSIĄŻKI - ISBN
ISBN 8371592051
040 ## - ŹRÓDŁO KATALOGOWANIA
Instytucja, która utworzyła rekord BPK
041 0# - KOD JĘZYKA
Kod języka tekstu pl
080 ## - UNIWERSALNA KLASYFIKACJA DZIESIĘTNA - UKD
UKD 346.61(438)(094.4)
920 ## - Międzynarodowy znormalizowany numer książki – ISBN
ISBN 83-7159-205-1
008 - POLE O STAŁEJ DŁUGOŚCI - DANE KONTROLNE
podpole kontrolne o stałej długości s pl f |000 0 pol
245 10 - TYTUŁ/ODPOWIEDZIALNOŚĆ
Tytuł Kodeks celny :
Ciąg dalszy tytułu ustawy okołokodeksowe /
Pozostałe elementy strefy tytułu i oznaczenia odpowiedzialności oprac. Przemysław Kierończyk ; słowo wstępne Andrzej Drwiłło.
250 ## - STREFA WYDANIA
Oznaczenie wydania Stan prawny na dzień 2 września 1998 r.
260 ## - STREFA ADRESU WYDAWNICZEGO
Miejsce wydania Sopot :
Nazwa wydawcy/dystrybutora "Lex",
Data publikacji, dystrybucji/powstania dokumentu 1998.
300 ## - STREFA OPISU FIZYCZNEGO
Objętość 278 s. ;
Rozmiary 21 cm.
490 1# - STREFA SERII I DOKUMENTU WIELOCZĘŚCIOWEGO - FORMA NIE DO WYSZUKIWANIA
Tytuł i oznaczenie odpowiedzialności serii Seria z Paragrafem
500 ## - UWAGI OGÓLNE
Tekst uwagi Zbiór zawiera ogłoszone zmiany, które wchodzą w życie z dniem 1 stycznia 1999 r.
650 #9 - HASŁO PRZEDMIOTOWE W FORMIE NAZWY OGÓLNEJ LUB JEDNOSTKOWEJ
Nazwa ogólna lub geograficzna Cło
Określnik ogólny prawo
Określnik geograficzny Polska
Określnik chronologiczny stan na 1999 r.
700 1# - HASŁO DODATKOWE - NAZWA OSOBOWA
Nazwa osobowa KIEROŃCZYK, Przemysław.
Określenie związku między hasłem a opisywanym materiałem Oprac.
700 1# - HASŁO DODATKOWE - NAZWA OSOBOWA
Nazwa osobowa DRWIŁŁO, Andrzej.
Określenie związku między hasłem a opisywanym materiałem wstęp
830 ## - HASŁO DODATKOWE SERII LUB DOKUMENTU WIELOCZĘŚCIOWEGO - TYTUŁ UJEDNOLICONY
Tytuł ujednolicony Seria z Paragrafem
856 ## - LOKALIZACJA I DOSTĘP DO ELEKTRONICZNYCH DOKUMENTÓW ZDALNYCH
Link (URL) http://koha.tu.koszalin.pl/cgi-bin/koha/opac-detail.pl?biblionumber=36133
Tekst linku Katalog online BPK
942 ## - DODATKOWE ELEMENTY (KOHA)
Typ dokumentu Książka
Egzemplarze
Wycofany Status egzemplarza Uszkodzony Dostępność Lokalizacja stała Lokalizacja bieżąca Miejsce przechowywania Sygnatura Kod kreskowy Dział Typ dokumentu
      Tylko na miejscu Biblioteka Politechniki Koszalińskiej Biblioteka Politechniki Koszalińskiej Czytelnia Wydziałowa ul. Kwiatkowskiego 6e 49772 01435252 346 Prawo gospodarcze Książka
© 2023 Biblioteka Politechniki Koszalińskiej :: KOHA